Zenshin: lecciones de los países de Asia-Pacífico en la tecnología, productividad y competitividad

Guardat en:
Dades bibliogràfiques
Autors principals: Villamizar A., Rodrigo (Autor), Mondragón A., Juan Carlos (Autor)
Format: Llibre
Idioma:espanyol
Publicat: Bogotá Grupo Editorial Norma 1995
Edició:1a. ed
Matèries:
Etiquetes: Afegir etiqueta
Sense etiquetes, Sigues el primer a etiquetar aquest registre!

MARC

LEADER 00000cam a2200000 a 4500
001 UCD6465
003 CL-VaPUC
008 161209e19950000ck |||||||||||||||||spa|d
020 |a 9580430675 
082 0 4 |a 658.562  |b VIL  |2 21 
100 0 |a Villamizar A., Rodrigo  |e author  |9 590282 
700 0 |a Mondragón A., Juan Carlos  |e author  |9 590283 
245 1 0 |a Zenshin: lecciones de los países de Asia-Pacífico en la tecnología, productividad y competitividad 
250 |a 1a. ed 
300 |a 210 p 
942 |c BK 
945 |d 20161209 23:21:00  |a arojas 
260 |a Bogotá  |b Grupo Editorial Norma  |c 1995 
650 0 |a Productividad   |9 335972 
650 0 |a Competitividad   |9 308495 
650 0 |a Desarrollo económico  |9 259599 
650 7 |a MEJORAMIENTO CONTINUO  |2 CL-VaPUC  |9 389501 
651 7 |a ASIA PACIFICO  |2 CL-VaPUC  |9 534764 
583 |a last modification  |c 20161209 23:21:00  |k Rodrigo Vera 
999 |c 366780  |d 366778